| 000 | 01260nam0a2200337 4500 | ||
|---|---|---|---|
| 001 | RU\NLR\bibl\1658146 | ||
| 005 | 20260406115734.0 | ||
| 010 | _a978-5-4224-0087-4 | ||
| 021 |
_aRU _b2010-47229 _93137 |
||
| 035 | _a(NLR Aleph) 001649444 | ||
| 090 |
_a912368 _c912368 |
||
| 100 | _a20100609d2010 |||y0rusy50 ca | ||
| 101 | 0 | _arus | |
| 102 | _aRU | ||
| 105 | _aa ||||||||| | ||
| 200 | 1 |
_a"Для сердца нужно верить" _e(круг гения) _fЕлена Криштоф |
|
| 210 |
_aМосква _cКнижный Клуб Книговек _d2010 |
||
| 215 |
_a475, [2] с. _cил. _d21 |
||
| 225 | 1 | _aЯ люблю Пушкина | |
| 600 | 1 |
_aПушкин _bА.С. _f1799 - 1837 _gАлександр Сергеевич _91155086 _3RU\NLR\auth\66143362 |
|
| 686 | _aШ5(2=Р)51-4Пушкин4,0 | ||
| 700 | 1 |
_aКриштоф _bЕ. Г. _gЕлена Георгиевна _4070 |
|
| 702 | 1 |
_4570 _7ca _8rus _aПушкин _bА. С. _cпоэт _f1799-1837 _gАлександр Сергеевич _9110441 _3RU\NLR\auth\77386 |
|
| 801 | 0 |
_aRU _bNLR _c20100609 _gRCR |
|
| 801 | 1 |
_aRU _bNLR _c20100609 |
|
| 830 | _aавт. по кн. | ||
| 942 | _cBOOK | ||
| 980 | _aNB | ||